000 00557nam a2200181Ia 4500
005 20250923144507.0
008 008 250917s9999 xx 000 0 eng d
037 _aTextual
040 _aDSWL
_beng
_cDSWL
041 _aeng
_2eng
084 _aX8(J):9.2'N55, N54
_qDSWL
100 _aRamaurthi, B
_9825444
245 0 _aAgricutural labour how they worker live
_cby B Ramaurthi
260 _aDelhi
_bManager of Publications
_c1954
300 _axiv,141p.
942 _cTEXL
_hX8(J):9.2'N55, N54
999 _c1439611
_d1439611